000 00338 a2200157 4500
001 48258
020 _a9788588022201
040 _cAnchieta - Aquarius
100 _aÁvila, Luciana
240 1 0 _aO voo da Xica
_lpor
245 1 0 _aO voo da Xica
300 _a30
362 0 _a2017
650 4 _aLiteratura infanto-juvenil
942 _cBK
999 _c48258
_d48258